|
|
|
|
| LEADER |
01299nam a2200301 u 4500 |
| 001 |
10027172 |
| 003 |
upatras |
| 005 |
20210117210001.0 |
| 008 |
960131s1985 ge eng |
| 020 |
|
|
|a 3540139141
|q (Χαρτόδ. μαλακό)
|
| 040 |
|
|
|a GR-PaULI
|c GR-PaULI
|
| 041 |
0 |
|
|a eng
|
| 050 |
|
4 |
|a 85-2652
|
| 245 |
1 |
0 |
|a Stochastic aspects of classical and quantum systems
|b Proceedings of the 2nd French-German Encounter in Mathematics and Physics, held in Marseille, France, March 28 - April 1, 1983
|c Edited by S. Albeverio, Ph. Combe and M. Sirugue-Collin
|
| 260 |
|
|
|a Berlin
|b Springer Verlag
|c 1985
|
| 300 |
|
|
|a viii, 227 p.
|c 24 cm
|
| 490 |
0 |
|
|a Lecture notes in mathematics
|v 1109
|
| 505 |
1 |
|
|a Includes references
|
| 650 |
|
4 |
|a Στοχαστικές διαδικασίες
|9 19
|
| 650 |
|
4 |
|9 7
|a Κβαντική θεωρία πεδίων
|
| 700 |
1 |
|
|a Albeverio, Sergio
|9 49721
|
| 700 |
1 |
|
|a Combe, Philippe
|9 153008
|
| 700 |
1 |
|
|a Sirugue-Collin, Madeleine
|9 153009
|
| 760 |
1 |
|
|a Lecture notes in mathematics
|g 1109
|
| 852 |
|
|
|a GR-PaULI
|b ΠΑΤΡΑ
|b ΦΥΣΙΚΟ
|k ΑΕΧ-1
|h 51.7 ALB
|m 02508
|t 1
|
| 942 |
|
|
|2 ddc
|c BK15
|
| 952 |
|
|
|0 0
|1 0
|4 0
|6 51_700000000000000_ALB
|7 0
|9 197580
|a PHYS
|b PHYS
|d 2016-04-24
|i 02508
|l 0
|o 51.7 ALB
|r 2016-04-24 00:00:00
|t 1
|w 2016-04-24
|y BK15
|
| 999 |
|
|
|c 121363
|d 121363
|